Shipping documents & practice.
| Main Author: | |
|---|---|
| Format: | Book |
| Published: |
Singapore:
Ranks Books,
1993.
|
| Subjects: |
| LEADER | 00459cam a2200169 7i4500 | ||
|---|---|---|---|
| 001 | 0000004977 | ||
| 005 | 19991025090000.0 | ||
| 002 | ##000006544 | ||
| 020 | 0 | 0 | |a 981-00-4824-6 |
| 090 | 0 | 0 | |a SING 387.5 |b GOH |
| 100 | 0 | 0 | |a Goh, Tianwah |
| 245 | 0 | 0 | |a Shipping documents & practice. |
| 260 | 0 | 0 | |a Singapore: |b Ranks Books, |c 1993. |
| 300 | 0 | 0 | |a 160 p.. |
| 650 | 0 | 0 | |a Shipping -- |z Singapore |
| 651 | 0 | 0 | |a Singapore |
| 999 | |a 0000006534 |b Book |c Open shelf |e Business Information Centre | ||


